[Event "IECG CA.2001.0.00020"]
[Site "IECG email"]
[Date "2001.10.03"]
[Round "1"]
[White "Bock, Francis"]
[Black "Jakobsons, Andris"]
[Result "0-1"]
[WhiteElo "2000"]
[BlackElo "2021"]
[PlyCount "48"]
[EventDate "2001.10.03"]
[EventType "tourn (corr)"]
[EventRounds "6"]
[SourceTitle "Corr 2024"]
[Source "ChessBase"]
[SourceDate "2023.10.19"]
[SourceVersion "1"]
[SourceVersionDate "2023.10.19"]
[SourceQuality "1"]

1. e4 c5 2. Nf3 d6 3. d4 cxd4 4. Nxd4 Nf6 5. Nc3 a6 6. h3 g6 7. g4 Bg7 8. g5 Nfd7 9. Be3 b5 10. Qd2 Bb7 11. 0-0-0 Nb6 12. f3 N8d7 13. Be2 Ne5 14. h4 Nbc4 15. Bxc4 Nxc4 16. Qd3 h5 17. gxh6 Bxh6 18. Bxh6 Rxh6 19. f4 e6 20. Nf3 Qa5 21. Kb1 Qb4 22. b3 Rc8 23. Rhe1 Na3+ 24. Kb2 Rxc3 0-1

[Event "IECG CA.2001.0.00020"]
[Site "IECG email"]
[Date "2001.10.03"]
[Round "1"]
[White "Maiffret, Patrick"]
[Black "Bock, Francis"]
[Result "1-0"]
[WhiteElo "2083"]
[BlackElo "2000"]
[PlyCount "37"]
[EventDate "2001.10.03"]
[EventType "tourn (corr)"]
[EventRounds "6"]
[SourceTitle "Corr 2024"]
[Source "ChessBase"]
[SourceDate "2023.10.19"]
[SourceVersion "1"]
[SourceVersionDate "2023.10.19"]
[SourceQuality "1"]

1. c4 Nf6 2. Nf3 g6 3. Nc3 d5 4. cxd5 Nxd5 5. Qa4+ Nc6 6. Ne5 Ndb4 7. a3 Nc2+ 8. Qxc2 Nxe5 9. d4 Ng4 10. h3 Nf6 11. e4 Bg7 12. Be3 0-0 13. Bc4 Nd7 14. Bb3 e5 15. d5 a6 16. 0-0 b6 17. Rac1 Bb7 18. Na2 Rc8 19. Nb4 1-0